| 000 | 00501 a2200169 4500 | ||
|---|---|---|---|
| 020 | _a0-03-035084-0 : | ||
| 020 | _a0-03-025817-0 | ||
| 040 |
_aDLC _bDLC |
||
| 082 | 0 | 4 | _a658.403072 |
| 100 | 1 | _aZikmund, William G | |
| 245 | 1 | 0 |
_aBusiness research methods _cWilliam G. Zikmund |
| 250 | _a7th ed. | ||
| 260 |
_aMason, OH ; _a[Great Britain] : _bThomson/South-Western, _cc2003 |
||
| 300 |
_axix, 748 p. : _bill. (some col.) ; _c27 cm. |
||
| 650 | 0 |
_aManagement _xResearch |
|
| 942 |
_cBK _k658.403072 ZIK _2ddc |
||
| 999 |
_c8599 _d8599 |
||